000 00323nam a22001337a 4500
008 230714b xxu||||| |||| 00| 0 eng d
020 _a370004361
082 _a363.2
_bCON
100 _cRobert Conquest
245 _aThe Soviet Police System
260 _aLondon
_bThe Bodley Head
_c1968
300 _a103p
942 _2ddc
_cBK
999 _c3960
_d3960